Statistiche per Nomi dei calciatori - Quiz n°32

Clicka qui per fare il quiz!

Statistiche generali

  • Questo quiz è stato fatto 27 volte
  • Il punteggio medio è 7 su 10

Statistiche sulle risposte

HintRisposta% Corretto
BerardiDomenico
85%
KessiéFranck
85%
OnanaAndré
80%
ArnautovićMarko
80%
MaggioChristian
75%
FalcaoRadamel
70%
De PaulRodrigo
70%
KuckaJuraj
65%
Loftus-CheekRuben
60%
AcquafresciaRobert
45%

Distribuzione punteggi

Percentile per numero di risposta

Percentuale di utenti per punteggio

I tuoi punteggi nel tempo

Non hai fatto questo quiz